American Banker

Detalles Bibliográficos
Formato: eBook
Lenguaje:inglés
Publicado: [s.l.] : Asianet, 2014 -
Materias:
Acceso en línea:Acceso restringido

MARC

LEADER 00000nam a22000007a 4500
005 20141023185215.0
007 cr|||| |||
008 141023c20149999us sr|| s|||| 0|||a1eng d
035 |a 12394 
040 |a vLex 
090 |c 5269  |d 5269 
245 0 0 |a American Banker  |h [Recurso electrn̤ico] 
256 |a Servicio en ln̕ea 
260 |a [s.l.] :  |b Asianet,  |c 2014 - 
300 |a 1 recurso electrn̤ico 
362 |a Nm︢. 1 (2014) -  
506 0 |a Contenido solo disponible en los productos  |d vLex Global  |d vLex Global (Academic Edition, excluding Law Schools)  |d vLex Global (U.S. Academic Edition, Law Schools)  |d vLex Global (U.S. Academic Edition, excluding Law Schools)  |d vLex Global (Academic Edition, Law Schools) 
650 0 4 |a Negocios  |x Revistas  |z Estados Unidos 
650 0 4 |a Banca  |x Revistas  |z Estados Unidos 
740 0 |a vLex Revistas (Servicio en ln̕ea) 
856 0 4 |u http://vlex.com/source/american-banker-12394/  |z Acceso restringido 
942 |c REV 
999 0 |a Banks and banking--Periodicals 
999 0 |a Business--Periodicals